Numerical analysis / (Record no. 543926)

000 -LEADER
fixed length control field 00532cam a2200169 a 4500
020 ## - INTERNATIONAL STANDARD BOOK NUMBER
International Standard Book Number 0534932193
082 00 - DEWEY DECIMAL CLASSIFICATION NUMBER
Classification number 519.4
Author Mark BUR
-- L-39, P-173
100 1# - MAIN ENTRY--PERSONAL NAME
Personal name Burden, Richard L.
9 (RLIN) 7191
245 10 - TITLE STATEMENT
Title Numerical analysis /
Statement of responsibility, etc. Richard L. Burden, J. Douglas Faires.
250 ## - EDITION STATEMENT
Edition statement 5th ed.
260 ## - PUBLICATION, DISTRIBUTION, ETC.
Place of publication, distribution, etc. Boston :
Name of publisher, distributor, etc. PWS-Kent Pub. Co.,
Date of publication, distribution, etc. c1993.
300 ## - PHYSICAL DESCRIPTION
Extent xiv, 768 p. :
Other physical details ill. (some col.) ;
Dimensions 24 cm.
526 ## - STUDY PROGRAM INFORMATION NOTE
Program name 0
Interest level 1
Reading level 0
Title point value 519_400000000000000_BUR
650 #0 - SUBJECT ADDED ENTRY--TOPICAL TERM
Topical term or geographic name entry element Numerical analysis.
9 (RLIN) 103
700 1# - ADDED ENTRY--PERSONAL NAME
Personal name Faires, J. Douglas.
9 (RLIN) 7190
942 ## - ADDED ENTRY ELEMENTS (KOHA)
Source of classification or shelving scheme
Koha item type Book
Holdings
Withdrawn status Lost status Source of classification or shelving scheme Damaged status Not for loan Permanent Location Current Location Date acquired Total Checkouts Total Renewals Full call number Barcode Date last seen Date last checked out Price effective from Koha item type
          Military College of Engineering (MCE) Military College of Engineering (MCE) 04/07/2014 5 2 519.4 BUR MCE-42890 09/23/2015 09/23/2015 04/07/2014 Book
© 2023 Central Library, National University of Sciences and Technology. All Rights Reserved.